| 000 | 00442nam a22001697a 4500 | ||
|---|---|---|---|
| 999 |
_c17919 _d17919 |
||
| 003 | OSt | ||
| 005 | 20201117095859.0 | ||
| 008 | 201117b ||||| |||| 00| 0 eng d | ||
| 040 | _aSEKU | ||
| 050 |
_aTP 368.2 _bL22 |
||
| 100 | _aWongo, L.E | ||
| 245 |
_aLaboratory manual in food science and technology _cDr. L.E. Wongo |
||
| 260 |
_aNairobi : _bJKUAT, _c2003. |
||
| 300 | _a113P.: | ||
| 650 |
_aLaboratory _xfood science |
||
| 942 |
_2lcc _cGEN |
||